| 000 | 00502nam a2200205Ia 4500 | ||
|---|---|---|---|
| 999 |
_c5723 _d5723 |
||
| 003 | 0100 | ||
| 008 | 130227s9999 xx 000 0 und d | ||
| 040 | _cARRUPELIB | ||
| 050 | _aDT962.42.I57 | ||
| 100 |
_aInternational Defense & Aid Fund _940395 |
||
| 245 |
_aRhodesia: _bthe ousting of the Tangwena / |
||
| 260 |
_aLondon _bChristian Action Publications _c1972 |
||
| 300 | _a51p | ||
| 300 | _b 21cm | ||
| 650 |
_aTangwena (African people) _940396 |
||
| 942 |
_2lcc _cMONOGRAPH |
||